Experiments in catalytic reaction engineering /
Guardado en:
| Autor Principal: | |
|---|---|
| Formato: | Libro |
| Idioma: | English |
| Publicado: |
Amsterdam :
Elsevier,
1999.
|
| Edición: | 1st ed. |
| Series: | Studies in surface science and catalysis ;
124 |
| Materias: | |
| Acceso en línea: | Descripción Tabla de contenido |
| Etiquetas: |
Agregar Etiqueta
Sin Etiquetas, Sea el primero en etiquetar este registro!
|
| LEADER | 01085cam a22002655a 4500 | ||
|---|---|---|---|
| 001 | EIQ.libpla003311 | ||
| 008 | 990601s1999####ne#a#####b####001#0#eng#d | ||
| 005 | 20080212142922.0 | ||
| 245 | 1 | 0 | |a Experiments in catalytic reaction engineering / |c by J.M. Berty. |
| 250 | |a 1st ed. | ||
| 260 | |a Amsterdam : |b Elsevier, |c 1999. | ||
| 300 | |a xx, 268 p. : |b il. ; |c 25 cm. | ||
| 440 | 0 | |a Studies in surface science and catalysis ; |v 124 | |
| 504 | |a Incluye referencias bibliográficas (p. 209-218) e índice. | ||
| 020 | |a 0444828230 (acid-free paper) | ||
| 100 | 1 | |a Berty, J. M. |q (Jozsef M.) | |
| 082 | 0 | 0 | |a 660/.2995 |2 21 |
| 650 | 4 | |a Reactores químicos |x Catálisis. | |
| 650 | 4 | |a Chemical reactors |x Catalysis. | |
| 010 | |a 99035157 | ||
| 040 | |a DLC |c DLC |d AR-BbSID | ||
| 856 | 4 | 2 | |3 Descripción |u http://www.loc.gov/catdir/enhancements/fy0601/99035157-d.html |
| 856 | 4 | 1 | |3 Tabla de contenido |u http://www.loc.gov/catdir/enhancements/fy0601/99035157-t.html |
| 859 | |a AR-BbSID |b BIB. PLAPIQUI |h 541.395 |i S 1 |p 5117 |t Ej. 1 |v Ej. 1 | ||
| 859 | |a AR-BbSID |b BIB. PLAPIQUI |h 541.395 |i S 1 |p 5304 |t Ej. 2 |v Ej. 2 | ||
